000
00304 a2200133 4500
005
20250702090848.0
020
_a
-13: 978-15098-1635-4
082
_a
823.92 JAM
100
_a
JAMES, P.
245
_a
Dead if you Don't.
260
_a
London,
_b
Macmillan,
_c
2018.
300
_a
419p:
_c
25cm
942
_2
ddc
_c
BKS
999
_c
6582
_d
6582